60 personnage de The Vampire Diaries - Statistiques

Statistiques générales
  • Ce quiz a été pris 732 fois
  • Le résultat moyen est 29 sur 60
Statistiques - réponses
Par images Réponse % Correct
Damon Salvatore
99%
Elena Gilbert
96%
Jeremy Gilbert
95%
Bonnie Bennett
93%
Caroline Forbes
90%
Katherine Pierce / Katerina Petrova
89%
Stefan Salvatore
84%
Alaric Saltzman
78%
Klaus Mikaelson
76%
Matt Donovan
72%
Tyler Lockwood
72%
enzo st john
71%
Liz Forbes / Elisabeth Forbes
70%
Rebekah Mikaelson
70%
Vicki Donovan
69%
Elijah Mikaelson
67%
Alexia Branson / Lexi
66%
Kol Mikaelson
66%
silas
65%
Emily Bennett
60%
John Gilbert
59%
Mason Lockwood
59%
Rose
58%
Carol Lockwood
53%
Jenna Sommers
53%
Lily Salvatore / Lillian Salvatore
50%
Liv Parker
50%
Esther Mikaelson
48%
Mikael Mikaelson
48%
Sheila Bennett
47%
Abby Bennett
46%
Pearl
44%
Logan Fell
43%
Luke Parker
42%
Nadia Petrova
42%
Malachai Parker
40%
Meredith Fell
40%
Mary Louise
39%
Hayley Marshall
38%
Sybil
38%
Zach Salvatore
36%
Isobel Flemming
35%
April Young
29%
atticus shane
29%
Cade
28%
Seline
26%
Qetsiyah
25%
Valerie Tulle
25%
Annabelle
24%
Julian
23%
Jo Laughlin
21%
Andie Star
19%
Jules
17%
Markos
17%
Nora Hildegard
17%
Penny
17%
Connor Jordan
13%
Luka Martin
13%
Wes Maxfield
13%
Dorian Williams
9%
Aucun quiz correspondant
Distribution des résultats
% des personnes avec chaque résultat
Percentile par nombre de réponses
Votre historique - résultats
Vous n’avez pas pris ce quiz